Movies Quiz

Random Movies or Clickable Quiz
Score 0/25 Timer 05:00
0 Plays Today
% Correct
R2D2
98.4%
Woody
98.3%
Sherlock Holmes
95.6%
Spock
95.6%
Robert 'Butch Cassidy' Parker
93.7%
Harry Potter
92.5%
Dave Starsky
90.6%
Frodo Baggins
87.7%
Louise Sawyer
81.3%
James P. 'Sulley' Sullivan
80.8%
Harold Lee
79.2%
Jay
77%
Ferris Bueller
69.8%
% Correct
Wayne Campbell
66.1%
Andy Dufresne
62.6%
Felix Unger
55.4%
Lloyd Christmas
54.9%
Danny Ocean
53.2%
Martin Riggs
50.7%
Ted Logan
45.3%
Harry Burns
39.7%
King George VI
38.9%
Dorothy Shaw
27.4%
John Gustafson
17.7%
Trent Walker
13%
Remove Ads.
Support Sporcle.
Get the best of Sporcle when you Go Orange. This ad-free experience offers more features, more stats, and more fun while also helping to support Sporcle. Thank you for becoming a member.

You're not logged in!

Compare scores with friends on all Sporcle quizzes.
OR
Log In

Show Comments

Extras

Top Quizzes Today


Score Distribution

Your Account Isn't Verified!

In order to create a playlist on Sporcle, you need to verify the email address you used during registration. Go to your Sporcle Settings to finish the process.

Report this User

Report this user for behavior that violates our Community Guidelines.

Details: